Attraction de Disneyland Paris par les files d'attentes - Statistiques

Statistiques générales
  • Ce quiz a été pris 174 fois
  • Le résultat moyen est 15 sur 26
Statistiques - réponses
Par images Réponse % Correct
Star Wars Hyperspace Mountain
88%
Indiana Jones et le Temple du Péril
83%
Big Thunder Mountain
80%
It's a small world
80%
Star Tours : L'aventure Continue
78%
Ratatouille : L'aventure Totalement Toquée De Rémi
74%
Rc Racer
73%
Pirates Of The Caribbean
67%
Crush's Coaster
66%
The Twilight Zone Tower Of Terror
66%
Dumbo The Flying Elephant
64%
Spider-Man W.E.B Adventure
63%
Slinky Dog Zigzag Spin
62%
Avengers Assemble : Flight Force
59%
Buzz Lightyear Laser Blast
58%
Le Pays Des Contes De Fées
57%
Phantom Manor
54%
Les Tapis Volants - Flying Carpets Over Agrabah
51%
Peter Pan's Flight
51%
Cars Road Trip
46%
Le Carrousel De Lancelot
46%
Blanche-neige et les sept nains
41%
Les Voyages de Pinocchio
40%
Mad Hatter's Tea Cups
37%
Toy Soldiers Parachute Drop
37%
Cars Quatre Roues Rallye
28%
Aucun quiz correspondant
Distribution des résultats
% des personnes avec chaque résultat
Percentile par nombre de réponses
Votre historique - résultats
Vous n’avez pas pris ce quiz